Mapa Szwajcarii bez 10 losowych kantonów - Statystyki

Ogólne statystyki
  • Ten quiz został rozwiązany 33 razy
  • Średni wynik to 5 z 10
Odpowiedzi na mapie
Odpowiedzi zakodowano w zielono-czerwonej skali na mapie do tego quizu, zgodnie z poniższymi procentami.
 
Statystyki odpowiedzi
Kanton % Poprawnych
Genewa
100%
Berno
86%
Vaud
86%
Schwyz
80%
Neuchâtel
75%
Sankt Gallen
75%
Jura
71%
Bazylea-Okręg
67%
Valais
63%
Nidwalden
60%
Uri
60%
Appenzell Innerrhoden
57%
Lucerna
50%
Obwalden
50%
Solothurn
50%
Zurych
50%
Fryburg
40%
Glarus
40%
Turgowia
38%
Zug
38%
Argowia
33%
Bazyela-Masto
33%
Tessyn
33%
Gryzonia
25%
Appenzell Ausserrhoden
0%
Szafuza
0%
Nie znaleziono quizów pasujących do podanych kryteriów
Rozkład punktacji
Procent ludzi z każdym wynikiem
Percentyl według liczby udzielonych odpowiedzi
Twoja historia wyników
Nie rozwiązałeś tego quizu